[Event "Campeonato Brasileiro Amador 2017 Under"]
[Site "?"]
[Date "2017.10.14"]
[Round "6.7"]
[White "Fonseca, Luis Ernesto Serra "]
[Black "Gobbo Junior, Jose Arildo"]
[Result "1-0"]
[WhiteElo "2000"]
[BlackElo "1846"]
[PlyCount "165"]
[EventDate "2017.10.12"]

1. e4 c5 2. Nf3 g6 3. d4 cxd4 4. Nxd4 Bg7 5. Nc3 Nc6 6. Be3 Nf6 7. Qd2 Ng4 8.
Nxc6 bxc6 9. Bd4 Bxd4 10. Qxd4 e5 11. Qc5 Qb6 12. Qxb6 axb6 13. Nd1 d5 14. exd5
cxd5 15. Bb5+ Bd7 16. Bxd7+ Kxd7 17. f3 Nf6 18. Ne3 Ke6 19. a3 d4 20. Nd1 Nd5
21. Kd2 Rhc8 22. Rc1 Ra4 23. Re1 b5 24. g3 f5 25. Re2 Rac4 26. Kd3 R4c6 27. c3
f4 28. Re4 g5 29. Re2 h5 30. Rg2 Ne3 31. Nxe3 fxe3 32. Rcc2 Kd5 33. Rc1 Rf8 34.
Rf1 Rcf6 35. cxd4 exd4 36. f4 Ra8 37. Rgg1 Re8 38. fxg5 Rf2 39. Rxf2 exf2 40.
Rf1 Re3+ 41. Kd2 Re5 42. g6 Kc4 43. Rxf2 Rg5 44. Rf6 Kb3 45. Kc1 d3 46. Rf3 Kc4
47. Rf4+ Kb3 48. Rb4+ Ka2 49. Kd2 Rxg6 50. Kxd3 Rg5 51. Ke3 Kb1 52. Kf3 Rc5 53.
h3 Kc2 54. h4 Rf5+ 55. Ke4 Rc5 56. Kf4 Rc4+ 57. Kg5 Rc5+ 58. Kf4 Rc4+ 59. Kf3
Rc5 60. g4 hxg4+ 61. Kxg4 Rc4+ 62. Kf5 Rc5+ 63. Ke6 Rh5 64. Kd6 Rh6+ 65. Kc5
Rh5+ 66. Kc6 Kb1 67. Rxb5 Rxh4 68. b3 Ka2 69. a4 Rh1 70. a5 Rh6+ 71. Kb7 Rh7+
72. Ka8 Rh8+ 73. Ka7 Rh7+ 74. Rb7 Rh6 75. a6 Ka3 76. Kb8 Rxa6 77. b4 Ra4 78. b5
Rb4 79. b6 Ka4 80. Ra7+ Kb5 81. b7 Kc6 82. Ka8 Kc7 83. b8=Q+ 1-0

[Event "Campeonato Brasileiro Amador 2017 Under"]
[Site "?"]
[Date "2017.10.14"]
[Round "6.8"]
[White "Tamarozi, Isabelle"]
[Black "Silva, Fabio Alcantara Mar"]
[Result "1-0"]
[WhiteElo "1928"]
[BlackElo "1800"]
[PlyCount "55"]
[EventDate "2017.10.12"]

1. e4 d5 2. exd5 Nf6 3. d4 Bg4 4. Nf3 Qxd5 5. Be2 e6 6. a3 Nc6 7. h3 Bf5 8. c4
Qd7 9. Nc3 O-O-O 10. Be3 h6 11. b4 g5 12. b5 Na5 13. Ne5 Qe8 14. Qa4 b6 15. Bf3
Nd5 16. cxd5 exd5 17. Bxd5 Rxd5 18. Nxd5 Be6 19. Nxc7 Kxc7 20. Qc2+ Kb8 21. Bd2
Nc4 22. Nc6+ Kc7 23. O-O Bd6 24. Rfe1 Qd7 25. Rac1 Kb7 26. Rxe6 Qxe6 27. Qxc4
Qe4 28. Qxf7+ 1-0

[Event "Campeonato Brasileiro Amador 2017 Under"]
[Site "?"]
[Date "2017.10.14"]
[Round "6.9"]
[White "Bortoloso, Moacir Canella"]
[Black "De Almeida, Guilherme Pereira"]
[Result "1/2-1/2"]
[WhiteElo "2079"]
[BlackElo "1874"]
[PlyCount "80"]
[EventDate "2017.10.12"]

1. e4 d6 2. d4 Nf6 3. Nc3 e5 4. Nf3 Nbd7 5. Bc4 Be7 6. O-O O-O 7. h3 c6 8. a4
Nxe4 9. Nxe4 d5 10. Ned2 dxc4 11. dxe5 c3 12. bxc3 Qa5 13. Nb3 Qxc3 14. Qe2 Nb6
15. Be3 Qc4 16. Qxc4 Nxc4 17. Bc5 Re8 18. Bxe7 Rxe7 19. Rfe1 Be6 20. Nfd4 Bd5
21. f4 b6 22. Nf5 Rd7 23. a5 Rad8 24. axb6 axb6 25. Ra6 h5 26. Kf2 g6 27. Nfd4
c5 28. Nf3 Bxf3 29. Kxf3 Re7 30. Re4 Nd2+ 31. Nxd2 Rxd2 32. Re2 Rxe2 33. Kxe2
Re6 34. Kd3 h4 35. Ke4 Kg7 36. Kd5 Kf8 37. Ra8+ Ke7 38. Ra7+ Kf8 39. Rb7 Ke8
40. Kc4 g5 1/2-1/2

[Event "Campeonato Brasileiro Amador 2017 Under"]
[Site "?"]
[Date "2017.10.14"]
[Round "6.10"]
[White "Simao Vasconcellos, Pedro Augu"]
[Black "Guimaraes, Artemis Pamela"]
[Result "0-1"]
[WhiteElo "1741"]
[BlackElo "1942"]
[PlyCount "126"]
[EventDate "2017.10.12"]

1. e4 e5 2. Nf3 Nc6 3. Bc4 Nf6 4. Ng5 d5 5. exd5 Na5 6. Bb5+ c6 7. dxc6 bxc6 8.
Be2 h6 9. Nf3 e4 10. Ne5 Bc5 11. c3 Qc7 12. d4 exd3 13. Nxd3 Bd6 14. h3 O-O 15.
Nd2 Bf5 16. Nf3 c5 17. O-O Rad8 18. c4 Rfe8 19. Kh1 Nxc4 20. b3 Ne5 21. Be3
Nxd3 22. Bxd3 Be5 23. Bxf5 Rxd1 24. Raxd1 Bf4 25. Bc1 Bxc1 26. Rxc1 g6 27. Bd3
Qa5 28. Rc2 Rd8 29. Bc4 Qc7 30. Rfc1 Ne4 31. a4 Qf4 32. Re1 Kg7 33. Rce2 f5 34.
Kg1 h5 35. Re3 h4 36. R3e2 Rd6 37. Re3 g5 38. R3e2 g4 39. hxg4 h3 40. gxf5 Qg4
41. Nh4 Ng5 42. g3 Nf3+ 43. Nxf3 Qxf3 44. Re7+ Kf6 45. Bf1 h2+ 46. Kxh2 Qxf2+
47. Kh3 Qxf5+ 48. Kh2 Qc2+ 49. R7e2 Qxb3 50. Re8 Qa2+ 51. Bg2 Rd2 52. R1e6+
Qxe6 53. Rxe6+ Kxe6 54. Kh3 c4 55. Be4 c3 56. Kh4 c2 57. Bxc2 Rxc2 58. Kg5 Ra2
59. g4 Rxa4 60. Kh5 Ra1 61. Kg6 Rg1 62. g5 a5 63. Kh6 a4 0-1

[Event "Campeonato Brasileiro Amador 2017 Under2"]
[Site "?"]
[Date "2017.10.15"]
[Round "7.1"]
[White "Frois, Vitor Amorim"]
[Black "De Sousa, Matheus Mazim"]
[Result "1/2-1/2"]
[WhiteElo "2045"]
[BlackElo "2120"]
[PlyCount "215"]
[EventDate "2017.10.12"]

1. e4 c5 2. Nf3 Nc6 3. d4 cxd4 4. Nxd4 g6 5. c4 Bg7 6. Be3 Nf6 7. Nc3 Ng4 8.
Qxg4 Nxd4 9. Qd1 Ne6 10. Qd2 Qa5 11. Rc1 b6 12. Be2 Bb7 13. f3 Bxc3 14. Qxc3
Qxc3+ 15. Rxc3 d6 16. Bd3 Kd7 17. Ke2 Rhc8 18. Kd2 Nc5 19. Bxc5 bxc5 20. Bc2
Bc6 21. Ke3 Rcb8 22. b3 a5 23. a4 Ke6 24. Rd3 f5 25. Rdd1 fxe4 26. fxe4 Rf8 27.
Rhf1 Rf6 28. Rxf6+ exf6 29. Kf4 Rf8 30. Rf1 Bd7 31. Rd1 Re8 32. Rd2 Bc6 33. Rf2
Kd7 34. g3 Re5 35. Rf1 Ke7 36. Rf2 Bd7 37. g4 Kf7 38. Rd2 Ke7 39. Rd5 Re6 40.
Rd2 Bc6 41. h4 h6 42. Rh2 Be8 43. Bd3 Kd7 44. Be2 Re7 45. Bd3 Ke6 46. Bc2 Rh7
47. Bd1 Rg7 48. Rg2 Bc6 49. Bf3 g5+ 50. Ke3 Ke5 51. hxg5 hxg5 52. Rh2 Rb7 53.
Bd1 Bxe4 54. Rh8 Re7 55. Rg8 Bc6 56. Bc2 Bd7 57. Bd1 f5 58. gxf5 Kxf5+ 59. Kf3
Kf6 60. Bc2 Rg7 61. Rf8+ Ke5 62. Kg3 Kd4 63. Rf3 g4 64. Rd3+ Ke5 65. Rd5+ Ke6
66. Rh5 Ke7 67. Be4 Rg8 68. Rh7+ Kd8 69. Bd5 Re8 70. Kf4 Rf8+ 71. Kg3 Rf1 72.
Rh8+ Kc7 73. Rh7 Re1 74. Kf4 Kd8 75. Rh8+ Re8 76. Rh7 Rf8+ 77. Kg3 Kc8 78. Rg7
Rh8 79. Kf4 Kd8 80. Rg6 Rf8+ 81. Kg3 Kc7 82. Rg7 Re8 83. Kf4 Rf8+ 84. Kg3 Rf6
85. Rh7 Kd8 86. Rh8+ Kc7 87. Rh7 Kd8 88. Rh8+ Ke7 89. Rh7+ Ke8 90. Rh8+ Rf8 91.
Rh6 Ke7 92. Rh7+ Kd8 93. Rh6 Re8 94. Kf4 Kc7 95. Rh7 Kc8 96. Rh6 Kc7 97. Rh7
Rf8+ 98. Kg3 Re8 99. Kf4 Rf8+ 100. Kg3 Rd8 101. Be6 Kc6 102. Bxd7+ Rxd7 103.
Rxd7 Kxd7 104. Kxg4 d5 105. cxd5 Kd6 106. Kf4 Kxd5 107. Ke3 c4 108. bxc4+
1/2-1/2

[Event "Campeonato Brasileiro Amador 2017 Under"]
[Site "?"]
[Date "2017.10.15"]
[Round "7.3"]
[White "Moreira, Ronaldo Alonso"]
[Black "Yoshioka, Andre"]
[Result "1/2-1/2"]
[WhiteElo "2043"]
[BlackElo "1947"]
[PlyCount "29"]
[EventDate "2017.10.12"]

1. d4 Nf6 2. c4 e6 3. Nc3 Bb4 4. e3 O-O 5. Nge2 d5 6. a3 Bd6 7. Ng3 c5 8. dxc5
Bxc5 9. b4 Be7 10. Bb2 Nc6 11. Be2 a6 12. O-O dxc4 13. Bxc4 Qc7 14. Qe2 b5 15.
Ba2 1/2-1/2

[Event "Campeonato Brasileiro Amador 2017 Under"]
[Site "?"]
[Date "2017.10.15"]
[Round "7.4"]
[White "Loureiro, Anderson Felix"]
[Black "Fonseca, Luis Ernesto Serra "]
[Result "1-0"]
[WhiteElo "2129"]
[BlackElo "2000"]
[PlyCount "65"]
[EventDate "2017.10.12"]

1. Nf3 Nf6 2. g3 d5 3. Bg2 Bf5 4. d3 Nbd7 5. Nbd2 e5 6. O-O Bc5 7. c4 c6 8.
cxd5 cxd5 9. Qa4 O-O 10. b4 Bb6 11. Bb2 Re8 12. Rad1 Rc8 13. e4 dxe4 14. Nxe4
Qe7 15. Ba3 Qe6 16. Nfg5 Qe7 17. b5 Nc5 18. Nxc5 Bxc5 19. Bxc5 Rxc5 20. Rfe1 b6
21. d4 Bc2 22. Qa6 Rc7 23. Rc1 Qd6 24. Bc6 Rxc6 25. bxc6 Qxc6 26. Qxa7 Ra8 27.
Qxf7+ Kh8 28. dxe5 Ng4 29. Ne6 Rg8 30. Nd4 Qh6 31. h4 Be4 32. e6 Bd5 33. Qxg8+
1-0

[Event "Campeonato Brasileiro Amador 2017 Under"]
[Site "?"]
[Date "2017.10.15"]
[Round "7.5"]
[White "Vargas, Goncalo Cintra"]
[Black "Tamarozi, Isabelle"]
[Result "1/2-1/2"]
[WhiteElo "2054"]
[BlackElo "1928"]
[PlyCount "128"]
[EventDate "2017.10.12"]

1. d4 Nf6 2. Bf4 g6 3. e3 Bg7 4. Be2 d6 5. Nf3 O-O 6. O-O Nbd7 7. h3 b6 8. c4
Bb7 9. Nc3 Re8 10. Qc2 e5 11. Bh2 Qe7 12. Rfe1 h6 13. b4 Nh7 14. Nb5 Ndf8 15.
c5 a6 16. c6 Bc8 17. Nc3 e4 18. Nd2 f5 19. f3 exf3 20. Bxf3 Ng5 21. Bd5+ Be6
22. Rad1 Bxd5 23. Nxd5 Qf7 24. Nc3 Re7 25. h4 Ngh7 26. h5 g5 27. Qd3 Rae8 28.
Nf1 f4 29. Re2 Qxh5 30. Nd5 Rf7 31. Rde1 f3 32. gxf3 Qxf3 33. Qc4 b5 34. Qb3
Re4 35. Bg3 Rg4 36. Rg2 Ne6 37. Nh2 Qe4 38. Nxg4 Qxg4 39. Bxd6 Qe4 40. Bg3 g4
41. Nc3 Qg6 42. d5 Neg5 43. Rd1 Nf3+ 44. Kh1 Qh5+ 45. Bh2 g3 46. d6 Nxh2 47.
Qd5 Qh3 48. Rxg3 Qxg3 49. d7 Nf3 50. d8=Q+ Nf8 51. Qh5 Rf5 52. Qd5+ Rxd5 53.
Nxd5 Nh4 54. Nf4 Qf3+ 55. Qxf3 Nxf3 56. Kg2 Ne5 57. Rc1 Nc4 58. Kf2 Bb2 59. Rd1
Bc3 60. Nd5 Be5 61. Rg1+ Kf7 62. Rh1 Kg7 63. Rg1+ Kf7 64. Rh1 Kg7 1/2-1/2

[Event "Campeonato Brasileiro Amador 2017 Under2"]
[Site "?"]
[Date "2017.10.15"]
[Round "7.6"]
[White "Reis Junior, Evandro De Laet"]
[Black "Hoshino, Karen"]
[Result "1-0"]
[WhiteElo "2039"]
[BlackElo "1978"]
[PlyCount "61"]
[EventDate "2017.10.12"]

1. c4 e5 2. Nc3 Nf6 3. g3 d5 4. cxd5 Nxd5 5. Bg2 Nb6 6. Nf3 Nc6 7. O-O Be7 8.
d3 O-O 9. a3 Be6 10. Be3 f5 11. Na4 Bd5 12. Rc1 Bf6 13. b4 Re8 14. Nc3 Bf7 15.
Nd2 Nd5 16. Nxd5 Bxd5 17. Bxd5+ Qxd5 18. Rc5 Qd7 19. Qb3+ Kh8 20. Rfc1 f4 21.
Rd5 Qg4 22. Bc5 Qxe2 23. Ne4 Qg4 24. Qd1 Qe6 25. Nxf6 Qxf6 26. Qg4 Rad8 27. Rd7
f3 28. h4 Nb8 29. Be7 Qf7 30. Rxd8 Qxe7 31. Rxc7 1-0

[Event "Campeonato Brasileiro Amador 2017 Under"]
[Site "?"]
[Date "2017.10.15"]
[Round "7.7"]
[White "Felix Simoes, Rodrigo"]
[Black "Goncalves, Marcus Vinicius M"]
[Result "1-0"]
[WhiteElo "2078"]
[BlackElo "1970"]
[PlyCount "115"]
[EventDate "2017.10.12"]

1. d4 Nf6 2. Bf4 g6 3. Nc3 Bg7 4. e4 d6 5. Qd2 h6 6. O-O-O c6 7. f3 b5 8. e5
dxe5 9. Bxe5 Nbd7 10. Qe1 Qb6 11. Bd6 O-O 12. Be5 a5 13. f4 a4 14. Ne4 b4 15.
Nf3 b3 16. cxb3 axb3 17. a3 Nxe4 18. Bxg7 Kxg7 19. Qxe4 Nf6 20. Qxe7 Nd5 21.
Qc5 Qxc5+ 22. dxc5 Nxf4 23. Nd4 Be6 24. Nxe6+ Nxe6 25. Rd6 Rac8 26. Bc4 Nxc5
27. Re1 Rc7 28. Re5 Nb7 29. Rd3 f6 30. Ree3 Nc5 31. Rc3 Rd8 32. Bxb3 Nxb3+ 33.
Rxb3 Rcd7 34. Re2 f5 35. Rbe3 Kf7 36. b4 Rd1+ 37. Kc2 R8d6 38. Rc3 Kf6 39. Kb3
f4 40. Rec2 R6d3 41. Rxd3 Rxd3+ 42. Rc3 Rd6 43. a4 g5 44. a5 g4 45. a6 Ke5 46.
Kc4 Rd8 47. Kc5 Ra8 48. Kb6 Rb8+ 49. Kc5 Ra8 50. Ra3 Ke4 51. Kxc6 f3 52. gxf3+
gxf3 53. b5 f2 54. Ra1 Rf8 55. a7 Ke3 56. b6 Ke2 57. b7 Rf6+ 58. Kc5 1-0

[Event "Campeonato Brasileiro Amador 2017 Under2"]
[Site "?"]
[Date "2017.10.15"]
[Round "7.8"]
[White "Gobbo Junior, Jose Arildo"]
[Black "Bortoloso, Moacir Canella"]
[Result "0-1"]
[WhiteElo "1846"]
[BlackElo "2079"]
[PlyCount "52"]
[EventDate "2017.10.12"]

1. Nf3 Nf6 2. c4 e6 3. g3 b6 4. Bg2 Bb7 5. O-O Be7 6. d4 d5 7. Qc2 O-O 8. b3 c5
9. e3 Nc6 10. Nbd2 Rc8 11. dxc5 Bxc5 12. Bb2 dxc4 13. Qxc4 Be7 14. Qa4 Nb4 15.
Nd4 Bxg2 16. Kxg2 Qd5+ 17. N4f3 Nd3 18. Bd4 e5 19. Qxa7 exd4 20. Qxe7 Rfe8 21.
Qa7 dxe3 22. fxe3 Rxe3 23. Qxb6 Rce8 24. Nc4 Re2+ 25. Kg1 Qh5 26. Qd6 Qh3 0-1

[Event "Campeonato Brasileiro Amador 2017 Under2"]
[Site "?"]
[Date "2017.10.15"]
[Round "7.9"]
[White "Guimaraes, Artemis Pamela"]
[Black "Sano, Rafael Angelo Nobuyu"]
[Result "1-0"]
[WhiteElo "1942"]
[BlackElo "1884"]
[PlyCount "67"]
[EventDate "2017.10.12"]

1. e4 Nf6 2. e5 Nd5 3. c4 Nb6 4. d4 d6 5. exd6 cxd6 6. Nc3 g6 7. Be3 Bg7 8. Rc1
O-O 9. Nf3 Bg4 10. h3 Bxf3 11. Qxf3 Nc6 12. Qd1 Rc8 13. Be2 e5 14. dxe5 dxe5
15. O-O Nd4 16. b3 Qe7 17. Bf3 Rfd8 18. Bd5 Kh8 19. Re1 Qd7 20. Qg4 Qxg4 21.
hxg4 Nxd5 22. Nxd5 Nc6 23. Bg5 Rd6 24. g3 Nd4 25. Kg2 b5 26. Be7 Re6 27. cxb5
Rb8 28. a4 Nxb3 29. Rc7 a6 30. b6 Na5 31. Rec1 h6 32. Rc8+ Rxc8 33. Rxc8+ Kh7
34. Rc7 1-0

[Event "Campeonato Brasileiro Amador 2017 Under"]
[Site "?"]
[Date "2017.10.15"]
[Round "7.10"]
[White "Silva, Fabio Alcantara Mar"]
[Black "Simao Vasconcellos, Pedro Augu"]
[Result "1/2-1/2"]
[WhiteElo "1800"]
[BlackElo "1741"]
[PlyCount "107"]
[EventDate "2017.10.12"]

1. Nf3 Nf6 2. b3 g6 3. Bb2 Bg7 4. e3 c5 5. d4 cxd4 6. exd4 d5 7. Bb5+ Bd7 8.
Qe2 O-O 9. O-O a6 10. Bxd7 Qxd7 11. c4 Nc6 12. Rd1 Rfd8 13. Nc3 Rac8 14. Ne5
Qe8 15. Rac1 dxc4 16. Nxc6 Rxc6 17. bxc4 e6 18. Ne4 Nxe4 19. Qxe4 Qd7 20. Rc2
Qc8 21. Rdc1 Qd7 22. Rd1 Rdc8 23. Qd3 Qc7 24. c5 Rd8 25. Qb3 Rd5 26. Rc4 Qd7
27. Bc3 Bf8 28. Rb1 e5 29. Rb4 exd4 30. Rxb7 Qf5 31. Bd2 Rdxc5 32. Re1 Rc2 33.
Rb8 Rxd2 34. Rxf8+ Kxf8 35. Qb4+ Kg7 36. Qxd2 d3 37. Qb2+ Qf6 38. Qxf6+ Kxf6
39. Rd1 Rc2 40. a4 d2 41. Kf1 Rc1 42. Ke2 Rxd1 43. Kxd1 Ke5 44. Kxd2 Kd4 45. f3
Kc4 46. g4 Kb4 47. g5 Kxa4 48. Kc3 a5 49. Kc4 Ka3 50. Kc3 Ka2 51. Kc2 a4 52. h3
Ka3 53. Kc3 Ka2 54. Kc2 1/2-1/2